000
00226 a2200097 4500
001
51163
100
_a
Beckman F S
245
_a
Mathematical foundations of programming
260
_a
London
_b
Wesley
_c
090
_c
32397
_d
32397
942
_a
NUST-CAE
_c
M
_c
24888
999
_c
286236
_d
286236